Culture Générale - Série 978 - Statistiques

Statistiques générales
  • Ce quiz a été pris 110 fois
  • Le résultat moyen est 5 sur 10
Statistiques - réponses
Question Réponse % Correct
Quel canal permet de passer de la Méditerranée à la mer Rouge ? canal de Suez
89%
Lors d'un 400 m haies, combien de haies l'athlète doit-il franchir ? 10
74%
Dans quelle ville est né Georges Brassens ? Sète
73%
Quel nom donne-t-on au cheval sauvage du Nord-Ouest américain ? mustang
61%
Plaidoirie du ministère public devant le juge répressif afin de requérir l'application ou non de la loi pénale envers le prévenu ou l'accusé réquisitoire
44%
Qui a rédigé le “Dictionnaire philosophique portatif” en 1764 ? Voltaire
38%
Quel nom porte le circuit automobile italien, proche des monts Apennins ? Imola
37%
Sous quel nom connait-on également la ville de la Grèce antique "Lacédémone " ? Sparte
35%
Exercices de piété que l'on répète pendant neuf jours consécutifs pour obtenir une grâce particulière ou pour honorer Dieu, un saint. neuvaine
26%
Quelle espèce d'oiseau est le "sacre" ? faucon
11%
Aucun quiz correspondant
Distribution des résultats
% des personnes avec chaque résultat
Percentile par nombre de réponses
Votre historique - résultats
Vous n’avez pas pris ce quiz